[Event "Dortmund-A"]
[Site "Dortmund"]
[Date "1991.??.??"]
[Round "8"]
[White "Uhlmann, Wolfgang"]
[Black "Stohl, Igor"]
[Result "1/2-1/2"]
[WhiteElo "2510"]
[BlackElo "2550"]
[Annotator "Stohl,I"]
[PlyCount "46"]
[EventDate "1991.03.23"]
[EventType "tourn"]
[EventRounds "9"]
[EventCountry "GER"]
[EventCategory "12"]
[SourceTitle "CBM 023"]
[Source "ChessBase"]
[SourceDate "1991.08.01"]
[SourceVersion "1"]
[SourceVersionDate "1991.08.01"]
[SourceQuality "1"]

1. c4 {Ribli} e5 2. Nc3 Nf6 3. Nf3 Nc6 4. g3 d5 5. cxd5 Nxd5 6. Bg2 Nb6 7. O-O
Be7 8. a3 O-O 9. b4 Be6 (9... Re8 10. d3 a5 11. b5 Nd4 12. Bb2 Bf8 13. Nd2 c6
14. bxc6 Nxc6 15. Rb1 $5 a4 16. Nb5 Be6 17. e3 Ba2 18. Rc1 Bd5 19. Nf3 e4 20.
Nfd4 $14 {Petursson,M-Fernandez Garcia,L,Novi Sad olm 1990}) 10. d3 (10. Rb1 f6
11. d3 Nd4 12. Nd2 c6 13. Nde4 Rf7 14. Bd2 Nd5 15. e3 Nxc3 16. Bxc3 Nb5 17. Bb2
Bf8 $1 $10 {Hjartarsson,J-Bareev,E,Novi Sad olm 1990}) (10. Rb1 $5 {Ribli})
10... Nd4 (10... a5 {Ribli} 11. b5 Nd4 12. Bb2 Bb3 13. Qc1 Bd5 14. Nxd4 Bxg2
15. Ne6 $1 fxe6 16. Kxg2 $14 {Adorjan,A-Luecke,N Alteinsteig 1989 CBM/14}) 11.
Bb2 (11. Rb1 f6 {-10.Rb1}) 11... Bb3 (11... Nxf3+ 12. Bxf3 c6 13. Ne4 Nd7 14.
Qc2 Bd5 15. Nd2 Bxf3 (15... Bd6 $5 16. Ne4 Be7 17. Nd2 Bd6 18. Ne4 $10 {
remis Yudasin,L-Gurevich,M Bern 1989 CBM/11}) 16. Nxf3 Bd6 (16... Bf6 {Ribli}
17. Rfd1 Qe7 18. d4 exd4 19. Nxd4 g6 20. Rd3 Rfe8 21. Rad1 Ne5 22. Re3 Qf8 23.
Nb3 $14 {Speelman,J-Chandler,M Hastings A2 1988 CBM/11}) 17. Nd2 Qe7 $10 {
Kasparov,G-Salov,V,USSR ch 1988-CBM}) 12. Qc1 (12. Qd2 $2 Nc4 $1 13. Qc1 Nxf3+
14. Bxf3 Bg5 $17) 12... Nxf3+ $5 {N} (12... c5 13. bxc5 Bxc5 14. Nxd4 Bxd4 15.
Bxb7 Rb8 16. Bg2 Qd7 {Kasparov,G-Sokolov,A,USSR ch 1988} 17. e3 Rfc8 18. Qe1
Bxc3 19. Bxc3 $16 {Yurkov}) 13. Bxf3 c6 14. Rb1 $1 (14. b5 $6 cxb5 15. Bxb7 Rb8
16. Ba6 Nd5 $36) (14. Ne4 f6 {/\Bd5=} (14... Nd7 {Ribli} 15. Nd2 Bd5) 15. Nc5
$6 Bxc5 16. Qxc5 (16. bxc5 Na4 $15) 16... Na4 17. Qc1 Bd5 $15) 14... f6 $6 (
14... a5 $142 $5 15. Ne4 (15. bxa5 Rxa5 $15) (15. b5 $6 Bg5 $1 16. Qe1 cxb5 17.
Nxb5 Qd7 $15) 15... axb4 16. axb4 Nd7 17. Nc5 (17. Bxe5 $2 Ba2) (17. Bc3 Bd5
$10) 17... Nxc5 18. bxc5 Ba2 19. Ra1 Qc7 {/\Bd5} 20. d4 Bf6 $1 $10) 15. Ba1 Be6
16. Rd1 $1 {/\d4} (16. b5 Rc8 $1 17. bxc6 bxc6 $13 {/\c5-c4}) 16... Qe8 (16...
Qd7 17. d4 $1 exd4 18. Ne4 $16) 17. b5 (17. d4 exd4 18. Rxd4 (18. Ne4 Ba2 19.
Rb2 Bd5 $10) 18... Qf7 $132) 17... Rb8 (17... cxb5 $2 18. Nxb5 $16) (17... Rc8
18. bxc6 bxc6 19. a4 {<->b}) 18. a4 Qf7 19. a5 (19. bxc6 bxc6 20. Bxc6 $2 (20.
a5 {-19.a5}) 20... Rfc8 21. Nb5 (21. Bf3 Bb3 $36) (21. Bb5 Ba2 22. Rb2 Ba3)
21... Ba2 22. Rb2 Nxa4 $17) 19... Nd5 20. bxc6 (20. a6 $6 cxb5 $10) 20... bxc6
21. d4 $2 (21. Nxd5 $6 Bxd5 22. e4 (22. Bxd5 Qxd5 {[+]}) 22... Bb3 23. Rd2 Bb4
24. Re2 c5 $15) (21. Ne4 $1 Rxb1 (21... c5 $6 22. Rxb8 Rxb8 23. Nxc5 Rc8 24. d4
exd4 25. Bxd4 $16 {/\} Qf8 26. Nxe6 Rxc1 27. Rxc1 $18) (21... Nb4 22. Nc5 $1
Ba2 (22... Bd5 23. Nd7 Na2 24. Qe3 Rxb1 25. Rxb1 $16 {<->b}) (22... Na2 23. Qe3
$16) 23. Nd7 $1 (23. Rb2 Rb5 $15) 23... Bxb1 (23... Nxd3 24. Rxb8 Nxc1 25. Nxf8
Bxf8 26. Rxc1 $18) 24. Qxb1 $16 {^^}) 22. Qxb1 Bb4 23. Qc2 Qc7 $5 $14 (23... c5
24. Nxc5 Rc8 25. d4 exd4 26. Bxd4 Qe7 27. Qb3 $1 $16)) 21... exd4 22. Nxd5 (22.
Rxd4 Nxc3 23. Bxc3 c5 $15) 22... Bxd5 23. Rxb8 {[Stohl,I]} Rxb8 $10 (23... Rxb8
24. Bxd5 (24. Bxd4 Bxf3 25. exf3 c5 $1 26. Be3 Qe6 $15) 24... Qxd5 25. Bxd4 Rd8
26. Rd3 Qxa5 27. Qxc6 $1 Rxd4 28. Qe8+ Bf8 29. Qe6+ Kh8 30. Qe8 (30. Qc8 $2 Qc5
) 30... Kg8 $10) 1/2-1/2

[Event "Qatar Masters op"]
[Site "Doha"]
[Date "2014.12.04"]
[Round "9"]
[White "Mamedyarov, Shakhriyar"]
[Black "Swiercz, Dariusz"]
[Result "1/2-1/2"]
[WhiteElo "2757"]
[BlackElo "2616"]
[Annotator "Swiercz,D"]
[PlyCount "75"]
[EventDate "2014.11.26"]
[EventType "swiss"]
[EventRounds "9"]
[EventCountry "QAT"]
[SourceTitle "CBM 164"]
[Source "ChessBase"]
[SourceDate "2015.01.15"]
[SourceVersion "1"]
[SourceVersionDate "2015.01.15"]
[SourceQuality "1"]

1. c4 Nf6 2. Nc3 e5 3. Nf3 Nc6 4. g3 d5 5. cxd5 Nxd5 6. Bg2 Nb6 7. O-O Be7 8.
d3 O-O 9. a3 Be6 10. Be3 {This move orderis the one I consider as the most
tricky in this line and it has become quite popular recently. In general Black
should be fine but as this game shows, White can set some practical problems
for Black.} Nd5 {One of the possible moves, which I started to like after I
played this line with White against Ivan Bukavshin, where he equalised quite
easily with this move. Other moves are} (10... f5) (10... f6) (10... Qd7) 11.
Nxd5 Bxd5 12. Qa4 Re8 {Black has many moves there, I have chosen the one which
Mamedyarov used himself in his game against Grischuk.} (12... a6 {was
Karjakin's choice} 13. Rac1 f6 14. Nd2 Bxg2 15. Kxg2 Qd5+ 16. f3 Rfc8 17. Qc4
Qxc4 18. Rxc4 Nd8 19. f4 exf4 20. gxf4 f5 $11 {1/2 (40) Kramnik,V (2803)
-Karjakin,S (2782) Moscow 2013}) 13. Rfc1 $5 $146 {This is a novelty. However,
there is probably no big difference to 13.Rac1.} (13. Rac1 {is what I played
against Ivan Bukavshin.} a6 14. Rfd1 Rb8 15. Re1 $6 (15. h4 $5 {Bartel-Macieja}
) 15... Bf6 16. Nd2 Bxg2 17. Kxg2 Nd4 $11) 13... a6 14. Rc3 Rb8 15. Rac1 h6 $5
{A useful waiting move, asking White what he wants to do.} ({I also thought
about} 15... Bf6 {but I wasn't sure if it's so good.} 16. Rc5 Be7 17. R5c2 {
with Rc2 there is probably no big difference but it can somehow represent a
small improvement of White's position (in some lines rook defends the e2-pawn,
e.g. after ...Nd4 and exchanges on d4)} (17. Rxd5 $5 {leads only to a draw}
Qxd5 18. Nd4 Qa5 $1 19. Bxc6 Qxa4 20. Bxa4 exd4 21. Bxe8 (21. Bxd4 c6 $15)
21... dxe3 $11)) (15... Bf8 {was good also but I wasn't sure if I wanted to
put my bishop on f8 yet. Maybe on f6 in some lines it would have been better
placed} 16. Qg4 $13 (16. Ng5 {is met by} Nd4 $1)) 16. Qg4 $6 {This move looks
very natural but apparently it might be not accurate.} (16. Nd2 {was probably
better but after} Bxg2 17. Kxg2 Qd5+ 18. Qe4 Qd7 {I don't think White can
cause any real danger to Black. White is a bit better, but Black has a solid
position and it's not easy to break it down.}) 16... Bf8 $6 {I too played an
inaccurate move.} (16... Bf6 $142 $1 {was correct with the idea to play ...e4!}
17. Nh4 (17. Rc5 $6 {this natural move is already in Black's favour!} e4 $1 18.
Nh4 (18. dxe4 Be6 19. Qh5 Bxb2 $17) 18... Ne5 19. Qf5 (19. Qh5 g6 20. Qxh6 Ng4
21. Qf4 Nxe3 22. Qxe3 Bxb2 $15) 19... Be6 $1 20. Qxe4 Ng4 $15 {with really
unpleasant pressure.}) 17... Bxg2 18. Kxg2 e4 $5 $13 (18... Bxh4 $11 {looks
just equal})) 17. Bc5 {After this "exchange of courtesies", White still owns
the initiative.} Bd6 18. Qh5 Qf6 19. e4 $5 {White has some slight space
advantage and the more active pieces so this move is very logical from the
practical point of view.} (19. b4 Rbd8 {and it's difficult to say what next if
not e4.}) 19... Be6 20. Be3 Rbd8 21. b4 $6 {I am not sure about the neccesity
of this move.} (21. Nd2 {was better. The idea is to move back the queen and
continue pressuring on the queenside.}) 21... Bd7 $6 ({I could have seized the
initiative after} 21... a5 $1 22. bxa5 (22. b5 {does not work due to} Nd4 $1
23. Bxd4 exd4 {and Black has a huge advantage!}) 22... Ra8 23. Rb1 Bc8 24. Nd2
Nxa5 {where White has a weakened queenside.}) 22. R3c2 Ra8 (22... a5 {was not
so good anymore} 23. b5 Nd4 24. Bxd4 exd4 25. a4 $14) 23. h4 Qe6 {With the
idea ...Qg4.} 24. d4 $5 {My opponent decided to open the centre. I was quite
happy about it, because I felt a bit suffocated with my pieces (due to White's
slight space advantage) and after this move I exchange some material.} (24. Nd2
Qg4 25. Qxg4 Bxg4 {and I think the position is about equal.}) 24... exd4 25.
Nxd4 Nxd4 26. Bxd4 Bc6 $6 {Bad move, giving White a chance to gain some real
pressure after which I am forced to play extremely accurately so as not to
lose immediately.} ({I would still have had a normal position after} 26... Ba4
$1 27. Rd2 Rad8 28. f4 f6 {with an about equal position. Maybe White is
pushing slightly but in general Black should hold.}) 27. Rxc6 $1 $36 {I
completely underestimated this move. Now I am forced to play very carefully
and very accurately.} bxc6 28. Rxc6 Qd7 $1 {Though in time trouble I managed
to find best defence.} ({I didn't like} 28... Qe7 29. f4) 29. e5 {The only
move to keep the initiative.} (29. Rc4 Rad8 {was clearly ok for Black.}) 29...
Bxb4 $1 30. e6 $1 {Again the only try.} ({I calculated that after} 30. axb4 {
I hold by only moves} Qxd4 31. Rxc7 g6 $1 32. Qf3 (32. Qxh6 Qxe5 $17) 32... Rf8
{and it is already White who must search for the draw. For example:} 33. Rxf7
Rxf7 (33... Qxe5 $5) 34. Qxa8+ Kg7 {with about a draw.}) (30. Rxh6 gxh6 31. e6
Qxd4 32. exf7+ Kf8 33. fxe8=Q+ Rxe8 {doesn't promise more than a draw for White
}) (30. Rc4 Bf8 31. Bxa8 Rxa8 $11 {this should be quite easy to hold as my
king is safe.}) 30... fxe6 31. Bxg7 $1 {This move I missed. I was already
running out of time (I had about 5 minutes) and I thought my position was
nearly collapsing, when suddenly I found a great defensive resource!} Rad8 $1 {
I found this with about 1-2 minutes left on the clock. This interjected move
saves Black. The point is the threat ...Qd1 exchanging the queens and keeping
my king safe. White has to lose time on something like Kh2 or Bf3 and then I
am in time with may defence, as my rook on a8 is not hanging in many lines
arising after 31...Kxg7 or 31...Qxg7.} (31... Kxg7 32. axb4 Rad8 33. Qe5+ Kg8
34. Rc4 $16 {and practically speaking Black's position should be lost. The
king is extremely weak.}) (31... Qxg7 32. axb4 {doesn't change much - Rc4-Rg4
is coming.}) 32. Kh2 ({According to the engines, the best chance for White was
} 32. Bxh6 Qd1+ 33. Qxd1 Rxd1+ 34. Kh2 {but in my opinion Black should hold
easily after} Bxa3 35. Rxc7 Bb2 $11) (32. Qxh6 Qxg7 33. Qxg7+ Kxg7 34. axb4 Rd4
35. Rxc7+ Kf6 $11) (32. axb4 Qd1+ 33. Qxd1 Rxd1+ 34. Kh2 Kxg7 $11) 32... Qxg7 (
32... Qf7 $1 {was even stronger! I just force White to come into an endgame.
However I didn't see it.}) 33. Rc4 Bxa3 34. Rg4 Bb2 {I think Black is already
safe there. With two rooks I will create some counterplay for sure.} 35. Bh3
Kh8 36. Rxg7 Bxg7 37. Qg6 Rf8 38. Bxe6 {And my opponent offered me a draw,
which I accepted. The position is about equal because my king is weakaned and
despite the fact I have 2 rooks and one pawn for the queen (which should be
more than enough) White can defend quite easily. Still I could have tried to
set some problems (see sample line) but I felt White should hold and I took a
draw.} ({Sample line:} 38. Bxe6 Rxf2+ 39. Kh3 Rf6 40. Qg4 Rd3 41. Bc4 Re3 42.
Qc8+ Rf8 43. Qxa6 Rff3 44. Qc8+ Bf8 45. Qg4 {with a draw.}) 1/2-1/2

[Event "NED-ch61"]
[Site "Hilversum"]
[Date "2006.06.27"]
[Round "9"]
[White "Van Wely, Loek"]
[Black "Tiviakov, Sergei"]
[Result "0-1"]
[WhiteElo "2655"]
[BlackElo "2669"]
[Annotator "Tiviakov,S"]
[PlyCount "64"]
[EventDate "2006.06.17"]
[EventType "tourn"]
[EventRounds "11"]
[EventCountry "NED"]
[EventCategory "13"]
[SourceTitle "CBM 113"]
[Source "ChessBase"]
[SourceDate "2006.07.31"]
[SourceVersion "1"]
[SourceVersionDate "2006.07.31"]
[SourceQuality "1"]

1. c4 e5 2. g3 Nf6 3. Bg2 d5 4. cxd5 Nxd5 5. Nc3 Nb6 6. Nf3 Nc6 7. O-O Be7 8.
a3 O-O 9. b4 Be6 10. Rb1 f6 11. d3 a5 12. b5 Nd4 13. Nd2 Qc8 14. e3 Nf5 15. Qc2
Rd8 16. Bb2 Nh6 $5 $146 (16... c6 17. bxc6 bxc6 18. Rfc1 Qd7 19. Bf1 Rab8 (
19... a4 20. Nce4) (19... c5 20. a4) 20. Nce4 Rdc8 (20... Bd5 21. Nc5 Bxc5 22.
Qxc5 $14 Ba2 $140 $2 23. Bxe5 $1) 21. Nf3 $1 Qe8 (21... Ba2 $5 22. Ra1 Bd5 23.
Bc3 a4 24. Nfd2 $14 {/\ Bb4}) 22. d4 exd4 23. Nxd4 Nxd4 24. Bxd4 {(Pelletier,
Y-Gurevich,M/Cap d'Agde (rapid) 86/(12) 2002/[Pelletier,Y])} Nd7 25. Rxb8 Rxb8
26. Qa4 $14) (16... a4 17. Rfd1 Nd6 (17... Ra5 18. Nc4 Nxc4 19. dxc4 Bxc4 20.
Rxd8+ Bxd8 21. Nxa4 Nd6 22. Nc3 Bxb5 23. Nxb5 Rxb5 24. Rd1 Qg4 25. Bc3 Be7 26.
a4 Rc5 27. Qb3+ Kh8 28. Bb4 Rc4 29. Rb1 c5 30. Be1 Rxa4 31. Bxb7 Ra7 32. Bd5
Qc8 33. Qb8 Rd7 34. Ba5 g6 35. Be6 Kg7 36. Qxc8 Nxc8 37. Bxd7 {1-0 Wedberg,
T-Tiviakov,S/Haninge 1992/CBM 030 (37)}) 18. Ba1 Nf7 19. Bb2 Nd6 20. Ba1 Nf7
21. Bb2 Nd6 22. Ba1 {1/2-1/2 Qin Kanying-Ruan Lufei/Beijing CHN 2005/The Week
in Chess 573 (22)}) (16... Nd6 $5 {/\Nf7}) 17. Rfd1 (17. Rfc1 Nf7 $5 (17... Bf8
18. Ne2 (18. Nce4 $140 Qd7 19. Qxc7 Na4) 18... Ba2 19. Ra1 Bd5 $13) 18. Ne2 (
18. Nce4 $140 Qd7 $13) 18... Bf5 19. e4 Bd7 $13) (17. Rbc1 Bh3 $5 $11) 17...
Nf7 18. Rbc1 Bf8 19. h4 $2 (19. Nce4 Qd7 $1) (19. Ne2 {(/\d4)} Qd7 $5 20. Bxb7
Rab8 21. Bc6 Qxd3 $11) 19... Bh3 $15 20. Bh1 Bg4 $1 21. Re1 Bf5 $1 22. Nce4 $2
(22. Nde4 $142 Qd7 $5 $15) (22. Be4 $15) 22... Qd7 $17 {[><a3, b5, d3]} 23.
Qxc7 (23. Nc4 Qxb5 (23... Qxd3 24. Qxd3 Rxd3 25. Nxb6 cxb6 $17) 24. Nxb6 Qxb6
$17) 23... Na4 (23... Qxb5 24. Rb1 Rd7 (24... Na4 25. Bc1 Qxd3 $17) 25. Bxe5
Qxd3 26. Qxb6 Nxe5 $17) 24. Ba1 (24. Qxd7 Rxd7 (24... Bxd7 25. Ba1 Bxa3 26. Rc7
Bxb5 $17) 25. Bc3 Rxd3 26. Nb1 Bd7 $17) (24. Qc2 Qxb5 25. Nc4 Nxb2 $17) 24...
Bxa3 25. Rc4 (25. Qxd7 Rxd7 $19 (25... Bxd7 $17 {- 24.Qd7})) 25... Qxb5 $19 26.
Nb1 (26. Rb1 Bb4 $19) 26... Bb4 27. Nbc3 Qd7 (27... Qa6 28. Nxa4 (28. Rxb4 axb4
29. Nxa4 Qxa4 $19) 28... Rac8 29. Qb6 Qxb6 30. Nxb6 Rxc4 31. dxc4 Bxe1 $19) (
27... Nxc3 28. Nxc3 Bxc3 29. Rxc3 Rd7 30. Qc4 Bxd3 $19) 28. Rb1 (28. Qxd7 Bxd7
$19) 28... Nxc3 (28... Qxd3 $19) 29. Bxc3 (29. Qxd7 Ne2+ 30. Kf1 Bxd7 31. Kxe2
Bb5 $19) 29... Qxd3 30. Rbxb4 axb4 31. Rxb4 Rac8 32. Qe7 Rd7 0-1

[Event "Linares Anibal op 05th"]
[Site "Linares"]
[Date "1998.01.27"]
[Round "8"]
[White "Kobalia, Mihail"]
[Black "Tiviakov, Sergei"]
[Result "0-1"]
[WhiteElo "2500"]
[BlackElo "2640"]
[Annotator "Tiviakov,S"]
[PlyCount "90"]
[EventDate "1998.01.20"]
[EventType "swiss"]
[EventRounds "10"]
[EventCountry "ESP"]
[SourceTitle "CBM 062 Extra"]
[Source "ChessBase"]
[SourceDate "1998.03.09"]
[SourceVersion "1"]
[SourceVersionDate "1998.03.09"]
[SourceQuality "1"]

1. c4 e5 2. Nc3 Nf6 3. g3 d5 4. cxd5 Nxd5 5. Bg2 Nb6 6. Nf3 Nc6 7. O-O Be7 8.
Rb1 O-O 9. b4 a6 10. a4 Nxb4 11. Nxe5 a5 12. d4 c6 13. f4 $5 $146 {[/\e4; /\f5,
[+]]} (13. e4 Be6 14. Re1 (14. Be3 Nc4 $5 $15 (14... f6 15. d5 cxd5 16. Bxb6
Qxb6 17. Nxd5 Qd8 18. Nc4 Bc5 19. Qh5 Qe8 20. Qh4 Qf7 21. Rfd1 Rfd8 22. Ncb6
Rab8 23. Qf4 Nc6 24. Bf1 Nb4 25. h4 Bxb6 26. Nxb6 Qe7 27. e5 Qc5 28. Nc4 fxe5
29. Qxe5 {1/2-1/2 Vaulin,Alexander-Savon,Vladimir A/Kurgan (Russia) 1993})) (
14. f4 f6 15. Nf3 Bc4 16. Rf2 Nd3 17. Rd2 Nxc1 18. Rxc1 (18. Qxc1 Bb4 $13 {
Morozevich}) 18... Ba3 $5 (18... Bb4 $13 {Morozevich}) (18... Bf7 $5 $13 {
/\Nc4, Morozevich}) 19. Rb1 Bb4 $13 {Morozevich}) 14... f6 $11 15. Ng4 Bxg4 16.
Qxg4 Qxd4 17. Qe6+ Rf7 18. Nd5 cxd5 19. Be3 Qe5 20. Qxb6 Bd8 21. Qd4 Nc2 22.
Qxe5 fxe5 23. Re2 d4 24. Rxc2 dxe3 25. fxe3 b6 26. Bh3 Re7 27. Rc6 g6 28. Rd1
Kg7 29. Rd5 Bc7 30. Bd7 Bd8 31. Bg4 Bc7 32. Bd7 Bd8 33. Rc3 Rf7 34. Be8 Rf8 35.
Bb5 Ra7 36. Rcd3 Be7 37. Rxe5 Bc5 38. Red5 Raf7 39. Rd7 Rxd7 40. Rxd7+ Rf7 {
1/2-1/2 Georgiev,Kiril-Morozevich,Alexander/Tilburg (Netherlands) (4) 1993, 59/
45}) 13... c5 $1 (13... f6 $2 14. Qb3+ N6d5 (14... Kh8 15. Nf7+ Rxf7 16. Qxf7
$16 Qxd4+ 17. e3 {/\Rd1}) 15. e4 (15. Nxd5 cxd5 (15... Nxd5 $2 16. e4 fxe5 17.
exd5 $18) 16. Nd3 $16) 15... fxe5 16. exd5 $16) 14. d5 $6 (14. Be3 $142 N6d5 $1
(14... Bf5 15. dxc5 Bxb1 16. cxb6 $16 {><b7} (16. Qxb1 $16 {><b7})) (14... cxd4
15. Bxd4 (15. Qxd4 Nd7 $1 $13 {/\Nc2, /\Bc5}) 15... Bf5 16. e4 $14) 15. Nxd5
Nxd5 16. Bxd5 Qxd5 17. dxc5 Qe4 18. Qd4 Bf5 19. Qxe4 Bxe4 $44 {_|_ ^^}) (14.
dxc5 Bxc5+ $15) 14... f6 15. Nd3 $8 (15. Nf3 N6xd5 $17) 15... N4xd5 (15... c4
$142 $5 $15 {/\Bc5}) 16. Nxd5 $8 Nxd5 17. Qb3 $2 (17. Ne5 $142 Nc7 (17... Be6
$6 18. f5 $1 fxe5 19. fxe6 Rxf1+ 20. Qxf1 {^^, ><b7, o^e6}) (17... Nxf4 18.
Bxf4 (18. Qxd8 $2 Nxe2+) (18. gxf4 fxe5 19. Qxd8 (19. fxe5 Qxd1 $5 20. Rxd1 Ra6
$5 21. Bxb7 Rg6+ $36) 19... Rxd8 20. fxe5 Ra6 21. Bxb7 $140 Rg6+ $36) 18...
fxe5 19. Bxe5 $44 {><b7, /^h1-a8}) (17... Nb4 $5 18. Qb3+ Kh8 19. Nf7+ Rxf7 20.
Qxf7 Bf5 {(o^c5)} 21. Rb2 $44 (21. e4 $2 Bxe4 22. Bxe4 Qd4+ 23. Rf2 Qxe4 $17))
18. Nc4 $44 {/\Nb6, ><b7, a5, /^h1-a8} (18. Qb3+ $4 Be6 $19)) 17... Be6 18.
Qxb7 $8 c4 (18... Qd6 $5 {/\Rfb8; /\Rab8}) 19. Nf2 $5 (19. Qc6 Bf7 20. Qxc4 Rc8
(20... Ne3 21. Qxf7+ Rxf7 22. Bxe3 $15) 21. Qd4 (21. Qa6 Nc3 $17) 21... Nc3 22.
Qxd8 Nxe2+ $5 (22... Rfxd8 $5) 23. Kf2 Rfxd8 24. Kxe2 Rc2+ 25. Bd2 Bb4 $17 {->}
) 19... Rb8 20. Qc6 (20. Qxb8 Qxb8 21. Rxb8 Rxb8 $17 {o^c4}) 20... Qd6 $8 21.
Qxd6 Bxd6 22. Rxb8 Bxb8 $17 {[o^c4]} 23. Ne4 $6 (23. Bd2 $142 {><a5}) 23...
Ba7+ 24. Kh1 Ne3 25. Bxe3 Bxe3 {[^^, o^c4]} 26. f5 $5 Bf7 27. Rb1 Rd8 28. Bf3
h6 $6 (28... Kf8 $142 $19) (28... Be8 $142 $19) 29. Kg2 Be8 {[><a4]} 30. Nc3
Bd2 31. Rd1 $8 Kf8 $5 $19 (31... Rd4 32. Nb5 $1 Bxb5 $140 33. axb5 c3 34. b6 c2
(34... Rb4 35. b7 {/\Be4, Rb1}) 35. b7 Rb4 (35... cxd1=Q $4 36. b8=Q+ Kf7 (
36... Kh7 37. Bh5) 37. Qa7+ Kf8 38. Qxd4) 36. Rxd2 c1=Q 37. Rd8+ Kf7 38. b8=Q
Rxb8 39. Rxb8 $17) 32. Nd5 $138 (32. Kf2 Rd4 $5 33. Nb5 (33. e3 Rd3 $19) (33.
Nd5 c3 $19) 33... Bxb5 34. axb5 Be3+ 35. Ke1 Bf2+ $19) (32. Kf1 Rd4 $19) 32...
Bb4 $5 33. Rc1 c3 34. Nc7 (34. Nxc3 Rc8 35. Na2 Rxc1 36. Nxc1 Bxa4 $19 {
^^, o^a5}) 34... Rc8 35. Nxe8 Kxe8 36. Be4 Ba3 37. Rc2 Ke7 38. Kf3 Kd6 39. Ke3
Bb2 40. Kd4 Rb8 41. Bd5 Rb4+ 42. Bc4 Rxa4 43. e4 Ra1 44. Bd5 Rd1+ 45. Kc4 Rd2
0-1